书目信息 |
| 题名: |
回味南北朝
|
|
| 作者: | 若木 著 | |
| 分册: | ||
| 出版信息: | 北京 中国三峡出版社 2008 |
|
| 页数: | 235页 | |
| 开本: | 23cm | |
| 丛书名: | 读史丛书 | |
| 单 册: | ||
| 中图分类: | K239.09 | |
| 科图分类: | ||
| 主题词: | 南北朝时代--历史--通俗读物 , 南北朝时代 , 历史 | |
| 电子资源: | ||
| ISBN: | 978-7-80223-335-5 | |
| 000 | 00864oam2 2200277 45 | |
| 001 | 1050815890 | |
| 005 | 20100419100913.76 | |
| 010 | @a978-7-80223-335-5@dCNY29.80 | |
| 100 | @a20100409e20092008em y0chiy50 ea | |
| 101 | 0 | @achi |
| 102 | @aCN@b110000 | |
| 105 | @aa z 000yd | |
| 106 | @ar | |
| 200 | 1 | @a回味南北朝@AHui Wei Nan Bei Chao@e乱云飞渡@ELuan Yun Fei Du@f若木著@FRuo Mu Zhu |
| 210 | @a北京@c中国三峡出版社@d2008@h2009 | |
| 215 | @a235页@c图@d23cm | |
| 225 | 2 | @a读史丛书@i回味历史系列 |
| 330 | @a本书以历史事件为主干,以历史人物为线索,讲述了南北朝分裂与融合的历史篇章。 | |
| 461 | 0 | @1461 0@a读史丛书@i回味历史系列 |
| 606 | 0 | @a南北朝时代@x历史@j通俗读物 |
| 606 | 0 | @a南北朝时代 |
| 606 | 0 | @a历史 |
| 690 | @aK239.09@v4 | |
| 701 | 0 | @a若木@ARuo Mu@g(历史)@4著 |
| 801 | 0 | @aCN@bTANGWEI@c20100419 |
| 905 | @b0590804-05@dK239.09@e45@f2 | |
| 回味南北朝:乱云飞渡/若木著.-北京:中国三峡出版社,2008(2009) |
| 235页:图;23cm.-(读史丛书.回味历史系列) |
| ISBN 978-7-80223-335-5:CNY29.80 |
| 本书以历史事件为主干,以历史人物为线索,讲述了南北朝分裂与融合的历史篇章。 |
| ● |
| 相关链接 |
|
|
|
|
正题名:回味南北朝
索取号:K239.09/45
 
预约/预借
| 序号 | 登录号 | 条形码 | 馆藏地/架位号 | 状态 | 备注 |
| 1 | 0590804 | 205908044 | 第二样本阅览室/ [索取号:K239.09/45] | 在馆 | |
| 2 | 0590805 | 205908053 | 第二借阅区/ [索取号:K239.09/45] | 在馆 |